[Event "10th EICC"]
[Site "Budva MNE"]
[Date "2009.03.11"]
[Round "6"]
[White "Kotanjian,T"]
[Black "Chudinovskikh,A"]
[Result "1/2-1/2"]
[WhiteElo "2568"]
[BlackElo "2379"]
[EventDate "2009.03.06"]

1. d4 Nf6 2. c4 e6 3. Nc3 Bb4 4. Qc2 d5 5. cxd5 exd5 6. Bg5 c5 7. dxc5 h6
8. Bh4 g5 9. Bg3 Ne4 10. Bxb8 Bxc3+ 11. bxc3 Rxb8 12. Qa4+ Bd7 13. Qd4 O-O
14. f3 Nf6 15. e3 Re8 16. Bd3 Qe7 17. Kf2 b6 18. cxb6 Rxb6 19. Re1 Rd6 20.
g4 h5 21. h3 Ne4+ 22. Kg2 h4 23. Ne2 Nf6 24. Qc5 Re6 25. Qxe7 R6xe7 26. Nd4
Rxe3 27. Rxe3 Rxe3 28. Rd1 Ba4 29. Kf2 Re8 30. Rb1 Nd7 31. Bf5 Nc5 32. Rb4
Kf8 33. Rb1 Kg7 34. Nb5 Re7 35. Nd6 Kf6 36. c4 dxc4 37. Nxc4 Ne6 38. Bxe6
Rxe6 39. Nd2 Bc6 40. Rb4 a5 41. Rc4 Ke5 42. Rc5+ Kd4 43. Rxa5 Kd3 44. Ne4
Bxe4 45. Ra3+ Kd2 46. fxe4 Rxe4 47. Rf3 Re2+ 48. Kg1 Re7 49. Rf5 Ke3 50. a4
Re4 51. Rxg5 Kf3 52. Rf5+ Kg3 53. a5 Kxh3 54. Rf3+ Kxg4 55. Ra3 h3 56. a6
Re1+ 57. Kf2 1/2-1/2

[Event "10th EICC"]
[Site "Budva MNE"]
[Date "2009.03.11"]
[Round "6"]
[White "Chadaev,N"]
[Black "Erturan,Y"]
[Result "1-0"]
[WhiteElo "2568"]
[BlackElo "2372"]
[EventDate "2009.03.06"]

1. d4 Nf6 2. c4 d6 3. Nc3 Nbd7 4. Nf3 e5 5. g3 g6 6. Bg2 Bg7 7. O-O O-O 8.
b3 exd4 9. Nxd4 Nc5 10. Bb2 a5 11. Qc2 c6 12. e3 Qb6 13. Rfd1 a4 14. Rab1
axb3 15. axb3 h5 16. h3 Re8 17. Bc1 Nh7 18. b4 Ne6 19. Nxe6 Bxe6 20. Rxd6
Bxc4 21. Nd5 Bxd5 22. Bxd5 Nf6 23. Rxf6 Bxf6 24. Qxg6+ Bg7 25. Bb2 1-0

[Event "10th EICC"]
[Site "Budva MNE"]
[Date "2009.03.11"]
[Round "6"]
[White "Vavrak,P"]
[Black "Popov,Val"]
[Result "0-1"]
[WhiteElo "2488"]
[BlackElo "2561"]
[EventDate "2009.03.06"]

1. d4 Nf6 2. c4 e6 3. Nc3 Bb4 4. Qc2 d5 5. cxd5 exd5 6. Bg5 c5 7. dxc5 h6
8. Bh4 g5 9. Bg3 Ne4 10. Bxb8 Qf6 11. Bg3 Nxc3 12. a3 Bf5 13. Qd2 Ba5 14.
e3 O-O-O 15. Bd6 Bg4 16. f3 d4 17. e4 Rhe8 18. Ne2 Bxf3 19. gxf3 Qxf3 20.
e5 d3 21. bxc3 dxe2 22. Qxe2 Bxc3+ 23. Kd1 Qxh1 24. Rc1 Rxe5 0-1

[Event "10th EICC"]
[Site "Budva MNE"]
[Date "2009.03.11"]
[Round "6"]
[White "Bykhovsky,An ISR"]
[Black "Ruck,R1"]
[Result "1/2-1/2"]
[WhiteElo "2459"]
[BlackElo "2558"]
[EventDate "2009.03.06"]

1. Nf3 Nf6 2. c4 c5 3. Nc3 Nc6 4. g3 d5 5. cxd5 Nxd5 6. d4 cxd4 7. Nxd4
Nxc3 8. bxc3 Qd5 9. f3 Bd7 10. Qb3 Qxb3 11. axb3 Nxd4 12. cxd4 e6 13. e4
Bb4+ 14. Bd2 Bxd2+ 15. Kxd2 1/2-1/2

[Event "10th EICC"]
[Site "Budva MNE"]
[Date "2009.03.11"]
[Round "6"]
[White "Misailovic,N"]
[Black "Postny,E"]
[Result "0-1"]
[WhiteElo "2293"]
[BlackElo "2652"]
[EventDate "2009.03.06"]

1. e4 e5 2. Nf3 Nc6 3. Bb5 a6 4. Ba4 Nf6 5. O-O Be7 6. Re1 b5 7. Bb3 d6 8.
c3 O-O 9. h3 Na5 10. Bc2 c5 11. d4 Nc6 12. Nbd2 Qc7 13. Nf1 cxd4 14. cxd4
exd4 15. Bg5 Qb6 16. Qd2 Ne5 17. N1h2 Nc4 18. Qc1 Bb7 19. b3 Ne5 20. Qd2 h6
21. Bh4 Ng6 22. Bxf6 Bxf6 23. Rad1 Rac8 24. Bb1 d3 25. Qxd3 Bc3 26. Qe3 Qc5
27. Re2 Rfe8 28. Kf1 a5 29. Bd3 b4 30. Kg1 Qxe3 31. Rxe3 Nf4 32. Bb1 d5 33.
exd5 Nxd5 34. Rxe8+ Rxe8 35. Nf1 Bf6 36. Rd2 Nc3 37. Bf5 g6 38. Bd3 Rd8 39.
Ne1 Bg5 40. Rb2 Re8 41. Nf3 Bxf3 42. gxf3 Re1 43. Kg2 Ra1 44. Ng3 Nxa2 45.
Rb1 Rxb1 46. Bxb1 Nc3 47. Bc2 f5 48. Kf1 Kf7 49. Ne2 Nd5 50. Bd3 Ke7 51.
Bb5 Nc7 52. Bc4 Ne6 53. f4 Bh4 54. Kg2 Kd6 55. Kf3 Nc5 56. Nc1 Ne6 57. Ne2
Bf6 58. Ke3 Bd8 59. Kd3 Bb6 60. f3 Nc5+ 61. Kc2 Ke7 62. Nd4 Nd7 63. Ne2 Bf2
64. Kd3 Nc5+ 65. Kd2 a4 66. bxa4 Nxa4 67. Nc1 Bc5 68. Nd3 Bd6 69. Bb3 Nc3
70. Ke3 Kf6 71. Bg8 Nb5 72. Bb3 Nc7 73. Bc4 Ne6 74. Bb3 Bf8 75. Bd5 h5 76.
Bb3 Bh6 77. Bd5 Nxf4 78. Nxf4 Ke5 79. Bf7 Bxf4+ 80. Kf2 Kf6 81. Bb3 g5 82.
Bd1 Ke5 83. Bc2 g4 84. Kg2 g3 85. h4 Kf6 86. Ba4 Bd6 87. Bb3 f4 88. Kh3 Be7
89. Kg2 Ke5 90. Bf7 Kd4 91. Bxh5 b3 92. Bf7 b2 0-1

[Event "10th EICC"]
[Site "Budva MNE"]
[Date "2009.03.11"]
[Round "6"]
[White "Solomunovic,I"]
[Black "Vuckovic,Bo"]
[Result "0-1"]
[WhiteElo "2416"]
[BlackElo "2576"]
[EventDate "2009.03.06"]

1. d4 Nf6 2. Nf3 g6 3. Bg5 Bg7 4. c3 d6 5. Nbd2 O-O 6. e3 Nbd7 7. Be2 h6 8.
Bh4 e5 9. O-O Qe8 10. a4 e4 11. Ne1 Nh7 12. Nc2 g5 13. Bg3 f5 14. f3 f4 15.
Bf2 d5 16. c4 c6 17. cxd5 cxd5 18. fxe4 dxe4 19. Na3 Nb6 20. Nb5 Qe7 21.
Rc1 Bd7 22. Nc7 Bxa4 23. b3 Bc6 24. Nxa8 Rxa8 25. Bc4+ Kh8 26. Re1 Rd8 27.
Qe2 Nf6 28. exf4 gxf4 29. Nf3 Ng4 30. d5 Nxf2 31. dxc6 Ng4 32. h3 Qc5+ 33.
Kh1 exf3 34. Qxf3 Ne5 35. Qxf4 bxc6 36. Qh4 Rd4 37. Qh5 Nbxc4 38. bxc4 Rxc4
39. Rb1 Kh7 40. Rb7 Ng6 41. Qxc5 Rxc5 42. Rxa7 Ne5 43. Rb1 Kg6 44. Rb3 Bf6
45. Ra2 Rc1+ 46. Kh2 h5 47. g3 Nc4 48. Rf3 Rb1 49. Ra6 Rb2+ 50. Kh1 Rb6 51.
Ra8 Ne5 52. Rf2 c5 53. Rc2 Rc6 54. Kg2 c4 55. Kf1 Nf3 56. Rc1 c3 57. Ke2
Ng5 58. h4 Ne4 59. Kd3 Nf2+ 60. Ke2 Ng4 61. Kd3 Rd6+ 62. Kc4 Ne3+ 63. Kc5
Rd5+ 64. Kb4 c2 65. Rc8 Rd1 66. R8xc2 Nxc2+ 67. Rxc2 Rg1 68. Kc4 Rxg3 69.
Kd5 Bxh4 70. Ke4 Bf6 71. Kf4 h4 72. Rh2 Bg5+ 73. Ke4 Re3+ 0-1

[Event "10th EICC"]
[Site "Budva MNE"]
[Date "2009.03.11"]
[Round "6"]
[White "Klenburg,M"]
[Black "Pikula,D"]
[Result "0-1"]
[WhiteElo "2426"]
[BlackElo "2570"]
[EventDate "2009.03.06"]

1. e4 c5 2. Nf3 g6 3. d4 cxd4 4. Nxd4 Bg7 5. c4 Nf6 6. Nc3 d6 7. Be2 O-O 8.
O-O Nc6 9. Be3 Bd7 10. f3 a5 11. Qd2 Nxd4 12. Bxd4 Bc6 13. b3 Nd7 14. Rab1
Bxd4+ 15. Qxd4 Qb6 16. Qxb6 Nxb6 17. Rfc1 Rfc8 18. Kf2 Bd7 19. f4 Rc5 20.
Bf3 f6 21. Re1 Rf8 22. Rbd1 Bc6 23. g3 Kf7 24. Rd2 Nd7 25. Ne2 Nb6 26. Nc1
Bd7 27. Nd3 Rc7 28. e5 Bf5 29. exd6 exd6 30. Nc1 Nc8 31. Ne2 Bd7 32. Bd5+
Ke7 33. Nd4+ Kd8 34. Be6 Re8 35. f5 Rc5 36. g4 gxf5 37. Bxd7 Kxd7 38. Rxe8
Kxe8 39. Nxf5 Kd7 40. Kg3 b5 41. cxb5 Rxb5 42. Kh4 Re5 43. Kh5 d5 44. Kh6
Nd6 45. Kxh7 Nxf5 46. gxf5 Rxf5 47. Kg6 Ke6 48. h4 Rf4 49. h5 Rg4+ 50. Kh7
d4 51. Re2+ Kf5 52. Rf2+ Ke5 53. Re2+ Kf4 54. h6 d3 55. Re6 d2 56. Rxf6+
Ke3 0-1

[Event "10th EICC"]
[Site "Budva MNE"]
[Date "2009.03.11"]
[Round "6"]
[White "Deviatkin,A"]
[Black "Savanovic,A"]
[Result "1/2-1/2"]
[WhiteElo "2566"]
[BlackElo "2428"]
[EventDate "2009.03.06"]

1. e4 e5 2. Nf3 Nc6 3. Bb5 a6 4. Bxc6 dxc6 5. O-O f6 6. d4 exd4 7. Nxd4 c5
8. Ne2 Qxd1 9. Rxd1 Bd7 10. Nbc3 O-O-O 11. Be3 Re8 12. Rd2 Bc6 13. Rad1 b6
14. Nd5 Ne7 15. Nxe7+ Bxe7 16. Ng3 1/2-1/2

[Event "10th EICC"]
[Site "Budva MNE"]
[Date "2009.03.11"]
[Round "6"]
[White "Jovanovic,Zo CRO"]
[Black "Arsovic,G"]
[Result "1-0"]
[WhiteElo "2558"]
[BlackElo "2426"]
[EventDate "2009.03.06"]

1. e4 c5 2. Nc3 d6 3. f4 g6 4. d4 cxd4 5. Qxd4 Nf6 6. Bd3 Bg7 7. h3 O-O 8.
Nf3 a6 9. Qf2 Nc6 10. O-O e6 11. Be3 b5 12. Rad1 Nd7 13. e5 d5 14. Ne2 b4
15. Ned4 Bb7 16. h4 Nxd4 17. Bxd4 a5 18. h5 Ba6 19. Qg3 Bxd3 20. cxd3 Qe7
21. Qh3 Rfc8 22. Rf2 Rc6 23. g4 Rac8 24. g5 Rc1 25. Rxc1 Rxc1+ 26. Kg2 Nc5
27. Nh2 gxh5 28. Qe3 1-0

[Event "10th EICC"]
[Site "Budva MNE"]
[Date "2009.03.11"]
[Round "6"]
[White "Zueger,B"]
[Black "Minasian,Art"]
[Result "1/2-1/2"]
[WhiteElo "2408"]
[BlackElo "2557"]
[EventDate "2009.03.06"]

1. c4 g6 2. g3 Bg7 3. Bg2 c5 4. e3 Nc6 5. Ne2 h5 6. h3 e5 7. Nbc3 d6 8. d3
h4 9. g4 f5 10. gxf5 gxf5 11. Rg1 Rh7 12. Bxc6+ bxc6 13. Bd2 Ne7 14. Qa4
Qb6 15. O-O-O Bd7 16. f4 O-O-O 17. fxe5 Bxe5 18. Qa3 Be8 19. d4 cxd4 20.
exd4 Bg7 21. Bf4 Bh6 22. Bxh6 Rxh6 23. Rg7 Rd7 24. Nf4 Ng6 25. Rxd7 Kxd7
26. c5 Qb8 27. Nce2 Bf7 28. Qd3 Ne7 29. Nc3 d5 30. Qe3 Rh7 31. Re1 Ng8 32.
Ng6 Kc7 33. Qf4+ Kb7 34. Ne5 Qf8 35. Qxf5 Qh6+ 36. Kb1 Be6 37. Qc2 Rc7 38.
Qf2 Qf6 39. Qxf6 Nxf6 40. Rf1 Ne4 41. Nxe4 dxe4 42. Kc1 Rg7 43. Kd2 Rg2+
44. Ke3 Bd5 45. Rf2 Rg3+ 46. Kf4 Rxh3 47. Ng4 Rd3 48. Ne3 Rxd4 49. Rh2 Bxa2
50. Rxh4 Rb4 51. Rh7+ Ka6 52. Rc7 Bd5 53. Ke5 Rxb2 54. Nxd5 cxd5 55. Kxd5
e3 56. Re7 Rd2+ 57. Kc4 Rc2+ 58. Kb4 1/2-1/2

[Event "10th EICC"]
[Site "Budva MNE"]
[Date "2009.03.11"]
[Round "6"]
[White "Popov,Iv RUS"]
[Black "Rukavina,J"]
[Result "1-0"]
[WhiteElo "2541"]
[BlackElo "2417"]
[EventDate "2009.03.06"]

1. e4 e5 2. Nf3 Nc6 3. Bc4 Bc5 4. c3 Nf6 5. d4 exd4 6. e5 d5 7. Bb5 Ne4 8.
cxd4 Bb4+ 9. Bd2 Bd7 10. O-O Bxd2 11. Bxc6 Bxc6 12. Nfxd2 f5 13. f3 Ng5 14.
Nc3 Ne6 15. b4 Nxd4 16. Ndb1 Nb5 17. Ne2 a5 18. a4 axb4 19. axb5 Rxa1 20.
bxc6 bxc6 21. Nd4 Qe7 22. Qc1 O-O 23. Nxc6 Qe6 24. Qc5 b3 25. Ne7+ Kf7 26.
Qxc7 Qxe7 27. e6+ Ke8 28. Qc6+ Kd8 29. Qb6+ Ke8 30. Qb5+ Kd8 1-0

[Event "10th EICC"]
[Site "Budva MNE"]
[Date "2009.03.11"]
[Round "6"]
[White "Ragger,M"]
[Black "Talla,V"]
[Result "1/2-1/2"]
[WhiteElo "2540"]
[BlackElo "2407"]
[EventDate "2009.03.06"]

1. e4 c5 2. Nf3 d6 3. d4 cxd4 4. Nxd4 Nf6 5. Nc3 a6 6. Be3 e5 7. Nb3 Be7 8.
f3 O-O 9. Qd2 Be6 10. O-O-O Nbd7 11. g4 Nb6 12. Qf2 Nfd7 13. h4 Nc4 14.
Bxc4 Bxc4 15. Kb1 b5 16. Nd5 Bxd5 17. Rxd5 Qc7 18. Bg5 Bxg5 19. hxg5 Rfd8
20. Nd2 Nf8 21. Nf1 Qa7 22. Qh2 Qe7 23. Qh4 Qe6 24. Ne3 Rd7 25. Rd2 Qg6 26.
Nf5 Re8 27. a3 Kh8 28. Ne3 Kg8 1/2-1/2

[Event "10th EICC"]
[Site "Budva MNE"]
[Date "2009.03.11"]
[Round "6"]
[White "Marinkovic,Sl"]
[Black "Hera,I"]
[Result "1/2-1/2"]
[WhiteElo "2388"]
[BlackElo "2527"]
[EventDate "2009.03.06"]

1. e4 d5 2. exd5 Qxd5 3. Nf3 Bg4 4. Be2 Nc6 5. h3 Bxf3 6. Bxf3 Qe6+ 7. Qe2
Qxe2+ 8. Bxe2 O-O-O 9. c3 e5 10. d3 Nge7 11. Nd2 Nd5 12. Nb3 g6 13. Bd2 h5
14. O-O-O a5 15. a4 1/2-1/2

[Event "10th EICC"]
[Site "Budva MNE"]
[Date "2009.03.11"]
[Round "6"]
[White "Szabo,Krisz1"]
[Black "Tomic,Bos"]
[Result "1/2-1/2"]
[WhiteElo "2508"]
[BlackElo "2384"]
[EventDate "2009.03.06"]

1. e4 c5 2. Nf3 Nc6 3. d4 cxd4 4. Nxd4 g6 5. c4 Bg7 6. Be3 Nf6 7. Nc3 O-O
8. Be2 d6 9. O-O Bd7 10. Qd2 Nxd4 11. Bxd4 Bc6 12. f3 a5 13. b3 Nd7 14. Be3
Nc5 15. Rab1 Qb6 16. Rfc1 Rfc8 17. Rc2 Qd8 18. Bf1 Be5 19. Re1 Qb6 20. Rb1
Qd8 21. g3 Qf8 22. Nd5 Qd8 23. Re1 e6 24. Nc3 Qb6 25. f4 Bxc3 26. Qxc3 Bxe4
27. Rd2 Qc6 28. Qf6 Nd7 29. Qd4 d5 30. Bf2 Rd8 31. a4 Rac8 32. cxd5 Bxd5
33. Bb5 Qc5 34. Qb2 Qb4 35. Rd4 Qd6 36. Rdd1 Qb4 37. Bxd7 Rxd7 38. Qf6 Qd6
39. Bd4 e5 40. Bxe5 Qxf6 41. Bxf6 Be6 42. Rxd7 Bxd7 43. Rd1 Bf5 44. Rd5 Ra8
45. Kf2 Be4 46. Rc5 Bc6 47. Bc3 Kf8 48. Bxa5 Ke8 49. Bd2 Rd8 50. Re5+ Kd7
51. a5 f6 52. Re3 Bd5 53. Bc3 f5 54. Bf6 Rf8 55. Bc3 Be4 56. b4 Kc6 57. g4
Rd8 58. gxf5 Bxf5 59. Be1 Rd4 60. Rc3+ Kd7 61. b5 Rxf4+ 62. Ke3 Re4+ 63.
Kd2 Rd4+ 64. Kc1 Bd3 65. b6 1/2-1/2

[Event "10th EICC"]
[Site "Budva MNE"]
[Date "2009.03.11"]
[Round "6"]
[White "Lamoureux,C"]
[Black "Antic,De"]
[Result "0-1"]
[WhiteElo "2374"]
[BlackElo "2495"]
[EventDate "2009.03.06"]

1. e4 e6 2. d4 d5 3. Nc3 Nf6 4. e5 Nfd7 5. f4 c5 6. Nf3 Nc6 7. Be3 Be7 8.
Qd2 a6 9. Be2 b5 10. a3 Bb7 11. O-O Qc7 12. Kh1 O-O 13. Rad1 Rad8 14. Qe1
b4 15. axb4 Nxb4 16. Rc1 f6 17. exf6 Rxf6 18. Na4 cxd4 19. Nxd4 e5 20. fxe5
Qxe5 21. Rxf6 Nxf6 22. Bf3 Bd6 23. Bg1 Ne4 24. Bg4 Rf8 25. Nf3 Qe8 26. b3
h5 27. Bh3 g5 28. Bd4 g4 29. Bxg4 hxg4 30. Qh4 gxf3 31. Qh8+ Kf7 0-1

[Event "10th EICC"]
[Site "Budva MNE"]
[Date "2009.03.11"]
[Round "6"]
[White "Ekstroem,R"]
[Black "Kontic,D"]
[Result "1/2-1/2"]
[WhiteElo "2495"]
[BlackElo "2369"]
[EventDate "2009.03.06"]

1. e4 c5 2. c3 a6 3. d4 cxd4 4. cxd4 d5 5. exd5 Nf6 6. Nc3 g6 7. Bc4 b5 8.
Bb3 b4 9. Na4 Bb7 10. Nf3 Bxd5 11. O-O Bg7 12. Ne5 O-O 13. Re1 a5 14. Be3
Bxb3 15. Qxb3 Nd5 16. Rac1 e6 17. Nc5 a4 18. Qd3 a3 19. b3 Nc3 20. Qc4 Qd5
21. Qxd5 1/2-1/2

[Event "10th EICC"]
[Site "Budva MNE"]
[Date "2009.03.11"]
[Round "6"]
[White "Plenkovic,Z"]
[Black "Simacek,P"]
[Result "0-1"]
[WhiteElo "2354"]
[BlackElo "2493"]
[EventDate "2009.03.06"]

1. e4 e5 2. Nf3 Nc6 3. d4 exd4 4. Nxd4 Bc5 5. Nxc6 Qf6 6. Qf3 Qxf3 7. gxf3
bxc6 8. Be3 Bxe3 9. fxe3 Rb8 10. b3 Ne7 11. Nc3 f5 12. Bd3 O-O 13. exf5
Nxf5 14. Bxf5 Rxf5 15. f4 d6 16. O-O-O Bd7 17. Rhg1 Re8 18. Rg3 Re7 19. Rd2
Rc5 20. Kb2 Kf7 21. Rdg2 Kf6 22. e4 Rh5 23. Rg5 Rxg5 24. Rxg5 Re5 25. Rxg7
Kxg7 26. fxe5 dxe5 27. Na4 Kf6 28. Nc5 Be8 29. Kc3 Kg5 30. Nd3 Kg4 31.
Nxe5+ Kh3 32. Kd4 Kxh2 33. Ng4+ Kg3 34. Nh6 Kf4 35. e5 c5+ 36. Kxc5 Kxe5
37. b4 Kf4 38. Kd4 Kg5 39. Ng8 Bf7 40. Ne7 Kf4 41. Nc6 h5 42. Ne5 h4 43.
Nd3+ Kf3 44. Ne5+ Kg3 45. Ke3 h3 46. Nd3 h2 47. Nf2 Bxa2 48. Ne4+ Kg2 49.
Nf2 0-1

[Event "10th EICC"]
[Site "Budva MNE"]
[Date "2009.03.11"]
[Round "6"]
[White "Levin,Ev"]
[Black "Serov,M"]
[Result "0-1"]
[WhiteElo "2484"]
[BlackElo "2352"]
[EventDate "2009.03.06"]

1. d4 Nf6 2. Nf3 d6 3. c4 Nbd7 4. Nc3 e5 5. e4 Be7 6. Be2 O-O 7. O-O c6 8.
Be3 h6 9. d5 c5 10. a3 Nh7 11. b4 b6 12. Rb1 Ndf6 13. Bd3 Ng4 14. Bd2 Ng5
15. Ne1 Nh7 16. h3 Ngf6 17. Nf3 Ne8 18. Be3 Ng5 19. Nd2 Nh7 20. Bc2 Bg5 21.
bxc5 bxc5 22. Ba4 a6 23. Bc6 Ra7 24. Rb8 Nef6 25. Qe2 g6 26. Na4 Qc7 27.
Rfb1 Nh5 28. Nf3 Bxe3 29. Qxe3 Nf4 30. Qb3 Ng5 31. Nxg5 hxg5 32. Qb6 Qe7
33. Rxc8 Rxc8 34. Bb7 Rf8 35. Qxa7 g4 36. hxg4 Qh4 37. g3 0-1

[Event "10th EICC"]
[Site "Budva MNE"]
[Date "2009.03.11"]
[Round "6"]
[White "Saric,A"]
[Black "Schmidt,Rau"]
[Result "1-0"]
[WhiteElo "2514"]
[BlackElo "2382"]
[EventDate "2009.03.06"]

1. c4 Nf6 2. Nc3 g6 3. d4 Bg7 4. e4 d6 5. Be2 O-O 6. Bg5 Qe8 7. e5 dxe5 8.
dxe5 Nfd7 9. Nd5 Nxe5 10. Bxe7 Na6 11. Bxf8 Kxf8 12. Kf1 Be6 13. Nf3 Nxf3
14. Bxf3 Bxb2 15. Rb1 Be5 16. Rxb7 c6 17. Qe2 Bd7 18. Rxd7 Rb8 19. Nf6 Qe6
20. Nxh7+ Kg7 21. Bg4 Rb1+ 22. Rd1 Rxd1+ 23. Qxd1 Qxc4+ 24. Be2 Qxa2 25.
Ng5 Nc5 26. g3 Bf6 27. h4 a5 28. Bf3 a4 29. Bxc6 Qc4+ 30. Qe2 Qd4 31. Ne4
a3 32. Nxf6 Qxf6 33. Bd5 Na4 34. Qf3 Nc3 35. Qxf6+ Kxf6 36. Bb3 1-0

[Event "10th EICC"]
[Site "Budva MNE"]
[Date "2009.03.11"]
[Round "6"]
[White "Lajthajm,B"]
[Black "Van Eijk,S"]
[Result "1-0"]
[WhiteElo "2502"]
[BlackElo "2355"]
[EventDate "2009.03.06"]

1. c4 Nf6 2. g3 e5 3. Bg2 d5 4. cxd5 Nxd5 5. Nc3 Ne7 6. Nf3 Nbc6 7. b4 a6
8. Bb2 g6 9. a4 Bg7 10. b5 Nd4 11. Ne4 O-O 12. O-O h6 13. Nxd4 exd4 14. Nc5
Ra7 15. bxa6 b6 16. Nb3 Bxa6 17. d3 Bb7 1-0

[Event "10th EICC"]
[Site "Budva MNE"]
[Date "2009.03.11"]
[Round "6"]
[White "Larino Nieto,D"]
[Black "Porat,I"]
[Result "0-1"]
[WhiteElo "2488"]
[BlackElo "2353"]
[EventDate "2009.03.06"]

1. d4 d5 2. Bg5 f6 3. Bh4 Nh6 4. Nc3 Nf5 5. Bg3 e5 6. dxe5 d4 7. Ne4 Qd5 8.
Qd3 Nc6 9. c3 fxe5 10. Nf3 Be6 11. Nfd2 O-O-O 12. c4 Qa5 13. Ng5 Nb4 14.
Qb1 Ne3 15. fxe3 dxe3 16. Ngf3 exd2+ 17. Kd1 e4 18. Ne5 e3 19. a3 Nc6 20.
Nxc6 Qa4+ 21. Qc2 Qxc6 22. Bf4 Bxc4 23. b3 Bd5 24. Rg1 Qxc2+ 25. Kxc2 Be4+
26. Kd1 Bc5 27. g3 Bd4 28. Ra2 Rd5 29. Bg2 Rc5 0-1

[Event "10th EICC"]
[Site "Budva MNE"]
[Date "2009.03.11"]
[Round "6"]
[White "Onoprienko,V"]
[Black "Sofronie,I"]
[Result "0-1"]
[WhiteElo "2372"]
[BlackElo "2471"]
[EventDate "2009.03.06"]

1. e4 e5 2. Nf3 Nc6 3. Bb5 a6 4. Ba4 Nf6 5. O-O b5 6. Bb3 Bc5 7. c3 d6 8.
d4 Bb6 9. a4 Rb8 10. Na3 O-O 11. axb5 axb5 12. Nxb5 Bg4 13. h3 Bxf3 14.
gxf3 Nh5 15. f4 Nxf4 16. Bxf4 exf4 17. Bc4 Ne7 18. Bd3 Ng6 19. Qg4 c5 20.
Ra6 cxd4 21. cxd4 Qf6 22. Rc1 f3 23. Rc2 Rfd8 24. Ra4 h6 25. Bf1 Re8 26.
Rc3 Nh4 27. Rc6 Re6 28. Bd3 Ng6 29. Bc4 h5 30. Qf5 Qxf5 31. exf5 Re1+ 32.
Kh2 Ne7 33. Rxd6 Nxf5 34. Rd5 g6 35. Bd3 Ng7 36. Kg3 Rh1 37. Be4 h4+ 38.
Kxf3 Rxh3+ 39. Kg2 Rb3 40. Nc3 Ne6 41. Rb5 Bxd4 42. Rxb8+ Rxb8 43. Ne2 Bxb2
44. Bd5 Nc7 45. Ba2 0-1

[Event "10th EICC"]
[Site "Budva MNE"]
[Date "2009.03.11"]
[Round "6"]
[White "Sidorenko,I"]
[Black "Stojanovic,Da"]
[Result "1/2-1/2"]
[WhiteElo "2370"]
[BlackElo "2469"]
[EventDate "2009.03.06"]

1. e4 e5 2. Nf3 Nc6 3. Bb5 a6 4. Ba4 Nf6 5. O-O Be7 6. Re1 b5 7. Bb3 O-O 8.
h3 Bb7 9. d3 d5 10. exd5 Nxd5 11. Bd2 Nd4 12. Nxe5 Nxb3 13. axb3 Qd6 14.
Nc3 Nb4 15. Bf4 Rae8 16. Ne4 Qd5 17. c4 Qd4 18. Re3 f5 19. Nf3 Qd7 20. Nc3
Bf6 21. d4 Be4 22. Ne5 Bxe5 23. Bxe5 Bc2 24. Qh5 f4 25. Bxf4 Bg6 26. Qg5
bxc4 27. bxc4 Qxd4 28. Bxc7 Nc2 29. Rd1 Qxc4 30. Rxe8 Rxe8 31. Qd5+ Qxd5
32. Rxd5 Nb4 33. Rd2 Nd3 34. Nd5 Re1+ 35. Kh2 Kf7 36. Bb6 Re6 37. Be3 Rc6
38. g4 Ne1 39. Kg3 Nc2 40. Nf4 Nxe3 41. fxe3 Be4 42. Rd4 Bb1 43. Rd7+ Kf8
44. h4 Rb6 45. Rd2 a5 46. Nd5 Re6 47. Kf4 Re4+ 48. Kf3 Rc4 49. Nc3 Bg6 50.
Rd5 h5 51. Rd4 hxg4+ 52. Kxg4 Rc6 53. Rd5 Ra6 54. Kf4 a4 55. Rd8+ Ke7 56.
Rb8 a3 57. bxa3 Rxa3 58. Nd5+ Kf7 59. Rb7+ Kf8 60. Rb8+ Kf7 61. Rb7+ Kf8
62. Ke5 Ra4 63. Rb4 Ra8 64. Nc7 Rc8 65. Ne6+ Kg8 66. Rd4 Kh7 67. Rd8 Rxd8
68. Nxd8 Kh6 69. Ne6 Bc2 70. Kf4 Kh5 71. Kg3 Kg6 72. Nd4 Bd3 73. Kg4 Kf6
74. Kf4 Kg6 75. Kg4 Kf6 76. Nf3 Bc2 77. Nd2 Ke5 78. Kg5 Bd3 79. Kh5 Kf5
1/2-1/2

[Event "10th EICC"]
[Site "Budva MNE"]
[Date "2009.03.11"]
[Round "6"]
[White "Ogloblin,N"]
[Black "Erdogdu,M"]
[Result "1/2-1/2"]
[WhiteElo "2362"]
[BlackElo "2460"]
[EventDate "2009.03.06"]

1. d4 Nf6 2. c4 g6 3. Nc3 Bg7 4. e4 d6 5. h3 O-O 6. Nf3 e5 7. d5 a5 8. Be3
Na6 9. g4 Nd7 10. Rg1 Ndc5 11. a3 a4 12. Nd2 Bd7 13. Be2 c6 14. Rg3 Kh8 15.
Kf1 cxd5 16. cxd5 Qa5 17. Rc1 b5 18. Na2 Rac8 19. Kg2 f5 20. gxf5 gxf5 21.
exf5 Qd8 22. Kh2 Bxf5 23. Qg1 Qe7 24. Qg2 Bg6 25. Bxb5 Rb8 26. Bxa6 Nxa6
27. Ne4 Bxe4 28. Qxe4 Nc5 29. Qg2 e4 30. Nb4 Qf7 31. Nc6 Rxb2 32. Rg1 Bf6
33. Kh1 Nd3 34. Qxe4 Nxf2+ 35. Bxf2 Rxf2 36. Qe6 Bh4 37. Qxf7 R2xf7 38. Rg4
Rf4 39. Nd4 Bf2 40. Rf1 Be3 41. Rfxf4 Rxf4 42. Nb5 Rxg4 43. hxg4 Bc5 44.
Kg2 Kg7 45. Kf3 Kf6 46. Kf4 Bxa3 47. Nc3 h6 48. Nxa4 Bc1+ 1/2-1/2

[Event "10th EICC"]
[Site "Budva MNE"]
[Date "2009.03.11"]
[Round "6"]
[White "Zolotukhin,V"]
[Black "Pogorelov,R"]
[Result "1-0"]
[WhiteElo "2358"]
[BlackElo "2451"]
[EventDate "2009.03.06"]

1. e4 c6 2. d4 d5 3. e5 Bf5 4. Nc3 e6 5. g4 Bg6 6. Nge2 f6 7. h4 fxe5 8. h5
Bf7 9. dxe5 Nd7 10. f4 Qb6 11. Nd4 c5 12. Nf3 Ne7 13. a4 Nc6 14. Bd2 a6 15.
a5 Qc7 16. Ng5 Bg8 17. Bg2 Be7 18. Nf3 O-O-O 19. g5 Bf7 20. Ne2 Rdf8 21. c4
d4 22. Nc1 Qd8 23. Nd3 Qe8 24. Ng1 Ndb8 25. Qg4 g6 26. h6 Nb4 27. Bxb4 cxb4
28. Ne2 Nc6 29. Ng3 Qd7 30. Ne4 Qc7 31. O-O Kb8 32. c5 Nxa5 33. Nd6 Nc6 34.
Rfc1 Be8 35. Rc4 Bxd6 36. exd6 Qf7 37. Nxb4 Qxf4 38. Qxf4 Rxf4 39. Nxc6+
Bxc6 40. Bxc6 bxc6 41. Rb4+ Kc8 42. Rxa6 e5 43. Ra7 Rg4+ 44. Kh2 1-0

[Event "10th EICC"]
[Site "Budva MNE"]
[Date "2009.03.11"]
[Round "6"]
[White "Vojinovic,J"]
[Black "Chibukhchian,A"]
[Result "1-0"]
[WhiteElo "2331"]
[BlackElo "2444"]
[EventDate "2009.03.06"]

1. d4 g6 2. c4 Bg7 3. Nf3 d6 4. Nc3 Bg4 5. e3 Nc6 6. Be2 Nf6 7. h3 Bd7 8.
d5 Nb4 9. O-O O-O 10. e4 e5 11. a3 Na6 12. b4 Nh5 13. c5 dxc5 14. Bxa6 cxb4
15. axb4 bxa6 16. Be3 Qf6 17. Qe2 Nf4 18. Qxa6 Nxh3+ 19. Kh2 Qxa6 20. Rxa6
Nf4 21. Rfa1 Rfc8 22. Rxa7 Rab8 23. Bc5 Be8 24. Ne1 f5 25. f3 fxe4 26. fxe4
g5 27. g3 Ng6 28. Nd3 h5 29. R7a2 Nf8 30. Ba7 Rb7 31. Be3 Bf6 32. Ra8 Rbb8
33. Rxb8 Rxb8 34. Ra7 Bd8 35. Na4 Nd7 36. Nac5 Nf6 37. Kg2 Kg7 38. Bd2 1-0

[Event "10th EICC"]
[Site "Budva MNE"]
[Date "2009.03.11"]
[Round "6"]
[White "Durarbeyli,V"]
[Black "Vulevic,V"]
[Result "1-0"]
[WhiteElo "2439"]
[BlackElo "2325"]
[EventDate "2009.03.06"]

1. e4 c5 2. Nf3 a6 3. c3 d6 4. d4 Nf6 5. Bd3 cxd4 6. cxd4 e5 7. O-O Nc6 8.
d5 Nb8 9. h3 Be7 10. a4 O-O 11. Be3 Ne8 12. a5 Nd7 13. Nbd2 g6 14. Nc4 f5
15. Nb6 Nxb6 16. Bxb6 Qd7 17. exf5 gxf5 18. Re1 e4 19. Bc2 1-0

[Event "10th EICC"]
[Site "Budva MNE"]
[Date "2009.03.11"]
[Round "6"]
[White "Vujic,M"]
[Black "Devereaux,M"]
[Result "1/2-1/2"]
[WhiteElo "2322"]
[BlackElo "2437"]
[EventDate "2009.03.06"]

1. e4 c5 2. Nf3 Nc6 3. c3 Nf6 4. e5 Nd5 5. d4 cxd4 6. cxd4 g6 7. Nc3 Nxc3
8. bxc3 Bg7 9. Bd3 O-O 10. O-O d6 11. exd6 exd6 12. Re1 Qc7 13. Bf4 Na5 14.
Rc1 Be6 15. c4 Bg4 16. c5 Rfe8 17. Bxd6 Qc6 18. Be2 Qd5 19. Qd2 Nc6 20. Bc4
Rxe1+ 21. Qxe1 Qh5 22. Ne5 Bxe5 23. dxe5 Re8 24. f4 Bf5 25. Qe3 Be6 26. Be2
Qh6 27. Rb1 Qh4 28. g3 Qd8 29. Rxb7 Qa5 30. Bf3 Qa4 31. Rb2 Nd4 32. Rd2
Nxf3+ 33. Qxf3 Bd7 34. Qe3 Bc6 35. f5 Qc4 36. Kf2 Bb5 37. g4 Qxg4 38. f6
Bc6 39. Qg3 Qf5+ 40. Kg1 Qb1+ 41. Kf2 Qf5+ 42. Kg1 Qb1+ 43. Kf2 h6 44. Qe3
Kh7 45. Qd3 Qh1 46. Qg3 Qc1 47. Qd3 Bb5 48. Qd5 Bc4 49. Qd4 Qf1+ 50. Kg3
Be6 51. h4 Qh3+ 52. Kf2 Qh2+ 53. Ke1 Qh1+ 54. Kf2 Rc8 55. a4 Qh2+ 56. Ke1
Qh1+ 57. Kf2 Qh2+ 58. Ke1 1/2-1/2

[Event "10th EICC"]
[Site "Budva MNE"]
[Date "2009.03.11"]
[Round "6"]
[White "Mijovic,S"]
[Black "Schroll,G"]
[Result "1-0"]
[WhiteElo "2300"]
[BlackElo "2430"]
[EventDate "2009.03.06"]

1. e4 Nf6 2. e5 Nd5 3. d4 d6 4. c4 Nb6 5. f4 dxe5 6. fxe5 Bf5 7. Nc3 e6 8.
Nf3 Nc6 9. Be3 Bg4 10. Be2 Bxf3 11. gxf3 Qh4+ 12. Bf2 Qf4 13. c5 Nd7 14.
Qd3 Nb4 15. Qd2 Qxd2+ 16. Kxd2 O-O-O 17. a3 Nc6 18. Kc2 Be7 19. Rhg1 g6 20.
b4 Bf8 21. b5 Ne7 22. Bh4 Re8 23. Bxe7 Bxe7 24. a4 g5 25. Ne4 h6 26. a5 f5
27. Nd2 Nxc5 28. dxc5 Bxc5 29. Rh1 Bd4 30. Rae1 Kd7 31. Bc4 b6 32. Nb3 Bf2
33. Re2 1-0